书目信息 |
| 题名: |
图解汉书·后汉书
|
|
| 作者: | 班固 , 范晔 著 ;崇贤书院 释译 | |
| 分册: | ||
| 出版信息: | 合肥 黄山书社 2016 |
|
| 页数: | 389页 | |
| 开本: | 25cm | |
| 丛书名: | 经典传家系列丛书 | |
| 单 册: | ||
| 中图分类: | K234.104.2 , K234.204.2 | |
| 科图分类: | ||
| 主题词: | 西汉时代--xi han shi dai--历史--纪传体 , 东汉时代--dong han shi dai--历史--纪传体 | |
| 电子资源: | ||
| ISBN: | 978-7-5461-5337-7 | |
| 000 | 01137nam0 22003251 450 | |
| 001 | 1752558359 | |
| 005 | 20170602161248.0 | |
| 010 | @a978-7-5461-5337-7@dCNY29.80 | |
| 100 | @a20160616d2016 em y0chiy50 ea | |
| 101 | 0 | @achi |
| 102 | @aCN@b340000 | |
| 105 | @aa z 000yy | |
| 106 | @ar | |
| 200 | 1 | @a图解汉书·后汉书@Atu jie han shu hou han shu@f班固,范晔著@g崇贤书院释译 |
| 210 | @a合肥@c黄山书社@d2016 | |
| 215 | @a389页@d25cm | |
| 225 | 2 | @a经典传家系列丛书@Ajing dian chuan jia xi lie cong shu |
| 330 | @a本书分为汉书、后汉书两部分,内容包括:高帝纪、高后纪、武帝纪、张良传、光武帝纪、邓寇列传、班梁列传等。 | |
| 461 | 0 | @12001 @a经典传家系列丛书 |
| 605 | @a《汉书》@Ahan shu | |
| 605 | @a《后汉书》@Ahou han shu | |
| 606 | 0 | @a西汉时代@Axi han shi dai@x历史@j纪传体 |
| 606 | 0 | @a东汉时代@Adong han shi dai@x历史@j纪传体 |
| 690 | @aK234.104.2@v5 | |
| 690 | @aK234.204.2@v5 | |
| 701 | 0 | @c(汉)@a班固@Aban gu@f(32~92)@4著 |
| 701 | 0 | @c(南朝宋)@a范晔@Afan ye@f(398~445)@4著 |
| 712 | 02 | @a崇贤书院@Achong xian shu yuan@4释译 |
| 801 | 0 | @aCN@bTANG WEI@c20170531 |
| 905 | @b0971473-7@dK234.104.2@e68@f5 | |
| 图解汉书·后汉书/班固,范晔著/崇贤书院释译.-合肥:黄山书社,2016 |
| 389页;25cm.-(经典传家系列丛书) |
| ISBN 978-7-5461-5337-7:CNY29.80 |
| 本书分为汉书、后汉书两部分,内容包括:高帝纪、高后纪、武帝纪、张良传、光武帝纪、邓寇列传、班梁列传等。 |
| ● |
| 相关链接 |
|
|
|
|
正题名:图解汉书·后汉书
索取号:K234.104.2/68
 
预约/预借
| 序号 | 登录号 | 条形码 | 馆藏地/架位号 | 状态 | 备注 |
| 1 | 0971473 | 209714736 | 第二样本阅览室/ [索取号:K234.104.2/68] | 在馆 | |
| 2 | 0971474 | 209714745 | 第二借阅区/ [索取号:K234.104.2/68] | 在馆 | |
| 3 | 0971475 | 209714754 | 第二借阅区/ [索取号:K234.104.2/68] | 在馆 | |
| 4 | 0971476 | 209714763 | 密集书库-史法系/ [索取号:K234.104.2/68] | 在馆 | |
| 5 | 0971477 | 209714772 | 第二借阅区/ [索取号:K234.104.2/68] | 在馆 |